|
|
|
|
| LEADER |
00630nam a22001457a 4500 |
| 008 |
210204b ||||| |||| 00| 0 eng d |
| 082 |
|
|
|2 391.00954091
|
| 100 |
|
|
|a Dar,S.N
|
| 245 |
|
|
|a Costumes of India and Pkistan:
|b Ahistorical and cultural study
|h English
|
| 260 |
|
|
|a Bombay:
|b D.B Taraporevala son and co. privet ltd.
|c 1969.
|
| 300 |
|
|
|a 244p.
|
| 653 |
|
|
|a Gandhara sculpture,villegev
|a Village women of hydrabad,
|a Embroidered garments of women and chidren,
|
| 942 |
|
|
|c REF
|
| 999 |
|
|
|c 354890
|d 354890
|
| 952 |
|
|
|0 0
|1 0
|2 ddc
|4 0
|6 391_009409100000000
|7 0
|9 411718
|a HIS
|b HIS
|c REF
|d 2021-02-04
|i 8381
|l 0
|o 391.0094091
|p HIS8381
|r 2021-02-04
|w 2021-02-04
|y REF
|